| 000 | 00535cam a22001694a 4500 | ||
|---|---|---|---|
| 020 | _a0896291189 | ||
| 040 | _cDLC | ||
| 082 | 0 | 0 | _a381 IFPRI 2000 C141 Or. |
| 245 | 0 | 0 |
_aWheat policy reform in Egypt : _badjustment of local markets and options for future reforms / |
| 260 |
_aWashington, D.C. : _bInternational Food Policy Research Institute, _c2000. |
||
| 300 |
_axiii, 170 p. : _bill. ; _c26 cm. |
||
| 490 | 1 | _aResearch report ; | |
| 650 | 0 | _aWheat trade | |
| 650 | 0 | _aFood supply | |
| 700 | 1 | _aKherallah, Mylène. | |
| 942 | _cAEDBB | ||
| 999 |
_c18290 _d18290 |
||